ბათუმის შოთა რუსთაველის სახელმწიფო უნივერსიტეტის ბიბლიოთეკა

სამრეწველო ობიექტის კალენდარული დაგეგმვა და ვარიანტული გაანგარიშების მაგალითები ნაწ. 2 : (ბიბ.ჩანაწერი № 39026)

000 -ლიდერი
ფიქსირებული სიგრძის საკონტროლო ველი 01105nam a2200217Ia 4500
001 - საკონტროლო ნომერი
საკონტროლო ველი 5537
003 - საკონტროლო ნომრის იდენტიფიკატორი
საკონტროლო ველი GE_BSU
005 - ბოლო ოპერაციის თარიღი და დრო
საკონტროლო ველი 20190612135925.0
008 - ფიქსირებული სიგრძის მონაცემთა ელემენტები - ზოგადი ინფორმაცია
ფიქსირებული სიგრძის საკონტროლო ველი 181216s1980||||ge |||||||||||||| ||geo||
040 ## - კატალოგიზაციის წყარო
Transcribing agency GE_BSU
041 ## - ენის კოდი
Language code of text/sound track or separate title geo
080 ## - უნივერსალური ათობითი კლასიფიკაციის ინდექსი
Universal Decimal Classification number 658.512 : 724.4 ბ-73
100 ## - მთავარი ჩანაწერი - პიროვნების სახელი
Personal name ბიჭიაშვილი, ჯ.
9 (RLIN) 913
245 ## - ცნობა სათაურის შესახებ
Title სამრეწველო ობიექტის კალენდარული დაგეგმვა და ვარიანტული გაანგარიშების მაგალითები ნაწ. 2 :
Remainder of title დამხმ. სახელმძღ. /
Statement of responsibility, etc ჯ. ბიჭიაშვილი ; რედ. ლ. გიორგაძე
264 ## - წარმოების, გამოცემის, დისტრიბუციის და სხვა ცნობები
გამოცემის, წარმოების, დისტრიბუციის... ადგილი თბილისი :
გამოცემის, წარმოების, დისტრიბუციის... სახელწოდება სპი,
გამოცემის, წარმოების, დისტრიბუციის... თარიღი 1980.
300 ## - ფიზიკური აღწერა
Extent 107 გვ. ;
Dimensions 20 სმ.
653 ## - INDEX TERM--UNCONTROLLED
Uncontrolled term სამრეწველო ობიექტის კალენდარული დაგეგმვა
653 ## - INDEX TERM--UNCONTROLLED
Uncontrolled term სამრეწველო ობიექტი
700 ## - ADDED ENTRY--PERSONAL NAME
Personal name გიორგაძე, ლ.
Relator term რედაქტორი
9 (RLIN) 2441
942 ## - ADDED ENTRY ELEMENTS (KOHA)
Koha item type წიგნი
Source of classification or shelving scheme
ეგზემპლარები
ჩამოწერის სტატუსი დაკარგული ეგზემპლარის სტატუსი კლასიფიკაციის წყარო ან თაროზე გაწყობის სქემა დაზიანების სტატუსი არ გაიცემა მუდმივი მდებარეობა (დაცვის ადგილი) ამჟამინდელი ადგილსამყოფელი თაროზე განთავსების ადგილი შეძენის თარიღი ღირებულება, შესყიდვის ნორმალური ფასი სრული შენახვის შიფრი შტრიხკოდი ბოლო ოპერაციის თარიღი ეგზემპლარის მიმდევრობითი ნომერი (კეტერი?) ფასის ძალაში შესვლის თარიღი ეგზემპლარის სახეობა საჯარო შენიშვნა
          ტექნოლოგიური ფაკულტეტის ბიბლიოთეკა ტექნოლოგიური ფაკულტეტის ბიბლიოთეკა წიგნსაცავი 2018-12-17 1.00 658.512 : 724.4 ბ-73 12244 2018-12-17 12244 2018-12-17 წიგნი 1.00 ლ.
          ტექნოლოგიური ფაკულტეტის ბიბლიოთეკა ტექნოლოგიური ფაკულტეტის ბიბლიოთეკა წიგნსაცავი 2018-12-17 1.00 658.512 : 724.4 ბ-73 12245 2018-12-17 12245 2018-12-17 წიგნი 1.00 ლ.
          ტექნოლოგიური ფაკულტეტის ბიბლიოთეკა ტექნოლოგიური ფაკულტეტის ბიბლიოთეკა წიგნსაცავი 2018-12-17 1.00 658.512 : 724.4 ბ-73 12246 2018-12-17 12246 2018-12-17 წიგნი 1.00 ლ.